• 首页
  • 本馆介绍
  • 公告通知
  • 最新文献
  • 馆藏检索
  • 电子资源
  • 读者导购
  • 参考咨询
  • 我的图书馆
  • 登录
  • 详细信息显示
  • 放入我的书架
  • 预约/预借图书
  • 作者相关作品
  • 分类相关作品
  • 丛书相关作品
  • 出版社相关作品

书目信息

  • 表格格式
  • 工作单格式
  • 卡片格式
题名:
打败小病魔
    
 
作者: ;《科学小超人》策划组 主编
分册:  
出版信息: 南京   江苏凤凰教育出版社  2013.06
页数: 56页
开本: 28cm
丛书名:
单 册:
中图分类: G613.3
科图分类:
主题词: 教育--各级
电子资源:
ISBN: 7-5499-2723-5
000 00643nam0 2200193 450
001 2653089606
005 20260317144913.50
010    @a7-5499-2723-5@dCNY25.00
100    @a20260317d2013 km y0chiy0120 ea
101 0  @achi
102    @aCN@b320000
200 1  @a打败小病魔@ADa Bai Xiao Bing Mo@f《科学小超人》策划组主编@F《Ke Xue Xiao Chao Ren》Ce Hua Zu Zhu Bian
210    @a南京@c江苏凤凰教育出版社@d2013.06
215    @a56页@d28cm
606 0  @a教育@x各级
690    @aG613.3@v4
711 02 @a《科学小超人》策划组@A《Ke Xue Xiao Chao Ren》Ce Hua Zu@4主编
801  0 @aCN@b大连网信软件有限公司图书馆·11@c20260317
905    @aZUCC@dG613.3@e3271:1
    
    打败小病魔/《科学小超人》策划组主编.-南京:江苏凤凰教育出版社,2013.06
    56页;28cm
    
    
    ISBN 7-5499-2723-5:CNY25.00
    
●
相关链接 在E读中查询图书 在五车中查询图书 在当当中查询图书 在豆瓣中查询图书


正题名:打败小病魔     索取号:G613.3/3271:1         预约/预借

序号 登录号 条形码 馆藏地/架位号 状态 备注
1 1442194   214421945   第一样本阅览室/ [索取号:G613.3/3271:1] 在馆    
唐山师范学院图书馆 欢迎您!
大连网信软件有限公司© 版权所有